| 000 | 00459nam a2200169Ia 4500 | ||
|---|---|---|---|
| 008 | 230524s9999 xx 000 0 und d | ||
| 082 |
_a530 _bRAVI |
||
| 100 |
_aR.Ravi _924199 |
||
| 245 | 0 | _a"Interactive Physics Vol-4 (Work,Power & Energy)" | |
| 250 | _a1ST | ||
| 260 |
_aNEW DELHI _bMTG Learning Media _c2001 |
||
| 300 | _aII;195 | ||
| 500 | _aQuantity Number: 1 | ||
| 650 | _aPhysics | ||
| 700 |
_a" P.Kamaraj , P.Ranganathan,,," _924200 |
||
| 942 | _cBK | ||
| 999 |
_c35716 _d35716 |
||